000 00819nam a2200181 i 4500
001 185944
003 ES-MaACL
005 20230906222542.0
008 160829s1985 sp b |||| | spa d
110 2 _aUniversidad Complutense de Madrid.
_bFacultad de Medicina.
_bBiblioteca.
_9160593
245 1 0 _aCatálogo de obras impresas en el siglo XVI existentes en la Biblioteca de la Facultad de Medicina de la Universidad Complutense /
_cRafaela Castrillo Márquez ; presentación por el Dr. Diego Gracia.
260 _aMadrid :
_bEditorial de la Universidad Complutense,
_c1985.
300 _aXXI, 441 p. ;
_c24 cm.
650 4 _aMedicina-
_vObras anteriores a 1800-
_vBibliografías.
_9160594
700 1 _aCastrillo Márquez, Rafaela.
_936818
700 1 _aGracia Guillén, Diego.
_9138825
852 _aES-MaACL
_jL-11231
999 _c185944
_d185944